| 000 -LEADER |
| fixed length control field |
00896nam a22002657a 4500 |
| 001 - CONTROL NUMBER |
| control field |
15167 |
| 003 - CONTROL NUMBER IDENTIFIER |
| control field |
BD-DhUAP |
| 005 - DATE AND TIME OF LATEST TRANSACTION |
| control field |
20200226184727.0 |
| 008 - FIXED-LENGTH DATA ELEMENTS--GENERAL INFORMATION |
| fixed length control field |
200226s2007 it a bc 000 0deng d |
| 020 ## - INTERNATIONAL STANDARD BOOK NUMBER |
| International Standard Book Number |
9788876246470 |
| 040 ## - CATALOGING SOURCE |
| Original cataloging agency |
ItFiC |
| Transcribing agency |
ItFiC |
| Modifying agency |
BD-DhUAP |
| Language of cataloging |
Eng |
| 082 04 - DEWEY DECIMAL CLASSIFICATION NUMBER |
| Edition number |
23 |
| Classification number |
720.92 CAP |
| 100 1# - MAIN ENTRY--PERSONAL NAME |
| Personal name |
Cappellieri, Alba. |
| 9 (RLIN) |
31856 |
| 245 10 - TITLE STATEMENT |
| Title |
Antonio Citterio : |
| Remainder of title |
architecture and design / |
| Statement of responsibility, etc. |
Alba Cappellieri. |
| 260 ## - PUBLICATION, DISTRIBUTION, ETC. |
| Place of publication, distribution, etc. |
Milano : |
| Name of publisher, distributor, etc. |
Skira, |
| Date of publication, distribution, etc. |
c2007. |
| 300 ## - PHYSICAL DESCRIPTION |
| Extent |
330 pages : |
| Other physical details |
illustrations ; |
| Dimensions |
29 cm. |
| 504 ## - BIBLIOGRAPHY, ETC. NOTE |
| Bibliography, etc. note |
Includes bibliographical references (p. 327-330). |
| 526 ## - STUDY PROGRAM INFORMATION NOTE |
| Program name |
ARC |
| 600 10 - SUBJECT ADDED ENTRY--PERSONAL NAME |
| Personal name |
Citterio, Antonio, |
| Dates associated with a name |
1950- |
| General subdivision |
Criticism and interpretation. |
| 9 (RLIN) |
31858 |
| 650 #0 - SUBJECT ADDED ENTRY--TOPICAL TERM |
| Topical term or geographic name entry element |
Architecture, Modern |
| Chronological subdivision |
21st century |
| Form subdivision |
Designs and plans |
| -- |
Catalogs. |
| 9 (RLIN) |
31859 |
| 700 1# - ADDED ENTRY--PERSONAL NAME |
| Personal name |
Citterio, Antonio. |
| 9 (RLIN) |
31861 |
| 942 ## - ADDED ENTRY ELEMENTS (KOHA) |
| Source of classification or shelving scheme |
|
| Koha item type |
Book |